Central Library OPAC University of Rajshahi

Fundamentals in teaching home economics / (Record no. 67452)

MARC details
000 -LEADER
fixed length control field 00771nam a2200241 a 4500
001 - CONTROL NUMBER
control field 67452
003 - CONTROL NUMBER IDENTIFIER
rucl marc code BD-RjUL
005 - DATE AND TIME OF LATEST TRANSACTION
control field 20211209081646.0
008 - FIXED-LENGTH DATA ELEMENTS--GENERAL INFORMATION
fixed length control field 170325r19481935enk 001 0 eng d
035 ## - SYSTEM CONTROL NUMBER
System control number (BD-RjUL) 67583
040 ## - CATALOGING SOURCE
Original cataloging agency DLC
Transcribing agency CWR
Modifying agency EQO
-- BD-RjUL
Language of cataloging eng
041 ## - LANGUAGE CODE
Language code of text/sound track or separate title eng
082 ## - DEWEY DECIMAL CLASSIFICATION NUMBER
Classification number 640.7
Edition number 23
Author mark and year SPF 1948
100 1# - MAIN ENTRY--PERSONAL NAME
Personal name Spafford, Ivol,
Dates associated with a name 1889-
9 (RLIN) 199875
245 10 - TITLE STATEMENT
Title Fundamentals in teaching home economics /
Statement of responsibility, etc. by Ivol Spafford.
250 ## - EDITION STATEMENT
Edition statement 2nd ed.
260 ## - PUBLICATION, DISTRIBUTION, ETC. (IMPRINT)
Place of publication, distribution, etc. New York :
Name of publisher, distributor, etc. J. Wiley & sons, inc.,
Date of publication, distribution, etc. 1935 [3rd printing 1948]
300 ## - PHYSICAL DESCRIPTION
Pagination xiii, 424 p.;
Size 22 cm.
504 ## - BIBLIOGRAPHY, ETC. NOTE
Bibliography, etc Incluses index and References at end of each chapter.
650 #0 - SUBJECT ADDED ENTRY--TOPICAL TERM
Topical term or geographic name as entry element Home economics
General subdivision Study and teaching.
9 (RLIN) 150071
Topical term or geographic name as entry element Education
General subdivision Philosophy.
9 (RLIN) 199876
942 ## - ADDED ENTRY ELEMENTS (KOHA)
Source of classification or shelving scheme Dewey Decimal Classification
Koha item type Books
Holdings
Lost status Source of classification or shelving scheme Damaged status Not for loan Collection code Permanent Location Current Location Shelving location Date acquired Source of acquisition Cost, normal purchase price Total Checkouts Full call number Date last seen Copy number Koha item type
  Dewey Decimal Classification   Not For Loan Non-fiction Central Library, University of Rajshahi Central Library, University of Rajshahi Reading Room 25/02/1958 USIS, Dacca. 0.00   640.7 SPF 1948 25/03/2017 C-1 Books